| 000 | 00485nam a2200181 i 4500 | ||
|---|---|---|---|
| 001 | bgj | ||
| 100 | 1 |
_aO'FLAHERTY, Liam _d(1896- ). |
|
| 245 | 1 | 0 |
_aThe Short Stories of Liam O'Flaherty / _cLiam O'Flaherty. |
| 250 | _a[Repr.]. | ||
| 260 |
_aLondon : _bNew English Library, _c1961. |
||
| 300 |
_a126 pp ; _c18 cm. |
||
| 651 | 9 |
_aIreland _xSocial life and customs |
|
| 655 | _aFiction | ||
| 040 | _cBPK | ||
| 041 | 0 | _aeng | |
| 942 | _cKS | ||
| 008 | s uk f |000 0 eng | ||
| 999 |
_c47950 _d47950 |
||